000 00300nam a22001337a 4500
008 171013b xxu||||| |||| 00| 0 eng d
020 _a9780205141661
041 _aeng
080 _a316
100 _a51
101 _aSOC
245 _aTHE ANALYSIS OF SOCIAL PROBLEMS
_cWEBER,L.R
942 _2udc
_cBK
999 _c33744
_d33744